Loading...
| History - American | 0 | 4 | 0 | 1 | 40 | 73 | 98.75 | 1 | 4 | 0.00 | 0.00 |
| Mythology | 1 | 2 | 0 | 0 | 35 | 51 | 97.33 | 2 | 3 | 0.00 | 0.00 |
| Fine Arts - Auditory | 0 | 3 | 0 | 1 | 30 | 130 | 138.00 | 2 | 3 | 0.00 | 0.00 |
| Science - Biology | 0 | 3 | 0 | 0 | 30 | 90 | 102.67 | 2 | 3 | 0.00 | 0.00 |
| History - European | 0 | 3 | 1 | 1 | 25 | 93 | 97.33 | 2 | 3 | 0.00 | 0.00 |
| Literature - European | 0 | 2 | 0 | 1 | 20 | 133 | 135.50 | 0 | 2 | 0.00 | 0.00 |
| Science - Chemistry | 0 | 2 | 0 | 0 | 20 | 82 | 86.00 | 2 | 2 | 0.00 | 0.00 |
| Literature - American | 0 | 2 | 0 | 2 | 20 | 140 | 146.50 | 0 | 2 | 0.00 | 0.00 |
| Social Science | 0 | 2 | 0 | 0 | 20 | 92 | 92.50 | 2 | 2 | 0.00 | 0.00 |
| Literature - World | 0 | 2 | 0 | 1 | 20 | 137 | 140.50 | 1 | 2 | 0.00 | 0.00 |
| History - World | 0 | 2 | 0 | 0 | 20 | 72 | 99.00 | 1 | 2 | 0.00 | 0.00 |
| Philosophy | 0 | 2 | 0 | 0 | 20 | 104 | 120.50 | 1 | 2 | 0.00 | 0.00 |
| Science - Physics | 0 | 2 | 1 | 0 | 15 | 74 | 89.00 | 2 | 2 | 0.00 | 0.00 |
| History - Other | 0 | 1 | 0 | 0 | 10 | 78 | 78.00 | 0 | 1 | 0.00 | 0.00 |
| Fine Arts - Visual | 0 | 1 | 0 | 0 | 10 | 123 | 123.00 | 1 | 1 | 0.00 | 0.00 |
| Religion | 0 | 1 | 0 | 1 | 10 | 138 | 138.00 | 0 | 1 | 0.00 | 0.00 |
| Religion- Edited | 0 | 1 | 0 | 0 | 10 | 113 | 113.00 | 0 | 1 | 0.00 | 0.00 |
| Social Science- Edited | 0 | 1 | 0 | 0 | 10 | 102 | 102.00 | 1 | 1 | 0.00 | 0.00 |
| Literature - British | 0 | 0 | 0 | 0 | 0 | 0.00 | 0 | 0 | 0.00 | 0.00 | |
| Pop Culture | 0 | 0 | 1 | 0 | -5 | 0.00 | 0 | 0 | 0.00 | 0.00 |